000 00849nam a22002297a 4500
005 20240530110533.0
008 160315s2009 ua c 000 0 ara d
017 _a2009/22313
_bمصر . دار الكتب المصرية
020 _a9776171206
040 _aEG-CaGPL
082 0 4 _221
_a177
_bط/م ك
100 1 _aمور ، جنيفر .
245 1 0 _aكن نفسك :
_bالصفات الانسانية التى تجعلك كبيرا /
_cبقلم جنيفر مور ، مايينوس .
250 _aط1.
260 _aالقاهرة :
_bدار البلسم للنشر و التوزيع ،
_c2009 .
300 _a51 ص ؛
_c24 سم .
650 0 4 _aالتفاعل الاجتماعى .
650 0 4 _aالسلوك الاجتماعى .
650 0 4 _aكتب الاطفال .
942 _2ddc
_cBK
999 _c62135
_d62135